000 00736nam a2200193 i 4500
001 167636
003 ES-MaACL
005 20250830095401.0
008 000218s1882 fr |||| | fre d
040 _aCCPB | B
_bspa
_cCCPB | B
100 1 _aVilley, Edmond.
_9133771
245 1 0 _aDu role de l'état dans l'ordre économique /
_cpar Edmond Villey.
260 _aParis :
_bGuillaumin & Cie. :
_bG. Pedone-Lauriel,
_c1882 (
_eCaen :
_ftypographie et lithographie de E. Valin)
300 _a[4], XVI, XII, 482 p. ;
_c22 cm.
500 _aOuvrage couronne par l'Institut (Prix du comte Rossi - Concours de 1881)
650 7 _aEstado
_2embne
_912523
852 _aES-MaACL
_jG-13596
_z-- Enc. hol.
999 _c167636
_d167636